000 00617nam a22001815i 4500
001 162911
003 ES-MaACL
005 20250703063117.0
008 010606m18601862fr a |||| | fre d
040 _aCAM
_bspa
_cCAM
100 1 _aRamée, Daniel
_9131586
245 1 0 _aHistoire générale de l'architecture /
_cpar Daniel Ramée.
260 _aParis :
_bAmyot,
_c1860-1862 (
_fimprimerie de J. Claye)
300 _a2 v. (552, [3] p.; [4] p., pp. 553-1229) :
_bil. ;
_c24 cm.
650 4 _aArquitectura-
_vHistoria
_99995
852 _aES-MaACL
_jG-15720-15721
_z-- Enc. hol.
999 _c162911
_d162911